The seasons for seasons / (Record no. 8019)

MARC details
000 -LEADER
fixed length control field 00920nam a22002897a 4500
001 - CONTROL NUMBER
control field 8019
003 - CONTROL NUMBER IDENTIFIER
control field FISKH
005 - DATE AND TIME OF LATEST TRANSACTION
control field 20250819093113.0
008 - FIXED-LENGTH DATA ELEMENTS--GENERAL INFORMATION
fixed length control field 250819b cb ||||| |||| 00| 0 eng d
020 ## - INTERNATIONAL STANDARD BOOK NUMBER
International Standard Book Number 9780823412389
040 ## - CATALOGING SOURCE
Original cataloging agency FISKH
Language of cataloging eng
Transcribing agency FISKH
Modifying agency FISKH
050 ## - LIBRARY OF CONGRESS CALL NUMBER
Classification number QB637 .G53
082 ## - DEWEY DECIMAL CLASSIFICATION NUMBER
Classification number 525.5
100 ## - MAIN ENTRY--PERSONAL NAME
Personal name Gibbons, Gail
Dates associated with a name (1944-)
245 ## - TITLE STATEMENT
Title The seasons for seasons /
Statement of responsibility, etc. By Gail Gibbons
250 ## - EDITION STATEMENT
Edition statement This edition first published in 1995
260 ## - PUBLICATION, DISTRIBUTION, ETC.
Place of publication, distribution, etc. Kuala Lumpur :
Name of publisher, distributor, etc. Holiday,
Date of publication, distribution, etc. 1995
300 ## - PHYSICAL DESCRIPTION
Extent 30 unnumbered pages :
Other physical details color illustrations ;
Dimensions 26 cm
505 ## - FORMATTED CONTENTS NOTE
Formatted contents note P<br/>
520 ## - SUMMARY, ETC.
Summary, etc. A simple description of how seasons are caused by the positions of the Earth and the Sun also discusses the delights of each of the seasons.<br/>
521 8# - TARGET AUDIENCE NOTE
Target audience note 650<br/>
Source Lexile<br/>
521 8# - TARGET AUDIENCE NOTE
Target audience note P<br/>
Source Raz-Plus<br/>
650 ## - SUBJECT ADDED ENTRY--TOPICAL TERM
Source of heading or term Science
Topical term or geographic name entry element Seasons
650 ## - SUBJECT ADDED ENTRY--TOPICAL TERM
Source of heading or term Weather
Topical term or geographic name entry element Earth science
942 ## - ADDED ENTRY ELEMENTS (KOHA)
Source of classification or shelving scheme Dewey Decimal Classification
Koha item type Books
Suppress in OPAC No
Holdings
Withdrawn status Lost status Source of classification or shelving scheme Damaged status Not for loan Collection Home library Current library Shelving location Date acquired Total Checkouts Full call number Barcode Date last seen Date last checked out Copy number Price effective from Koha item type
    Dewey Decimal Classification     Juvenile Fiction Footprints International School Library Network Toul Tom Poung Campus Footprints International School Library Network Toul Tom Poung Campus TTP Primary Orange Bookshelves 08/19/2025 1 GIB 525.5 QB637 .G53 FISTK01973 01/29/2026 01/15/2026 1 08/19/2025 Books